000 00541nam a2200217 a 4500
999 _c4110
_d4110
001 4110
003 BD-JhCC
005 20181204102025.0
008 171118s uk |||| |||| 000 0 eng d
035 _a(BD-JhCC)
040 _aBD-JhCC
_dBD-JhCC
041 _aeng
082 _a823.914
_bJER
100 _aJerrome, Edward G.
245 _aTales of Sportswomen /
_cEdward G. Jerrome
260 _aLondon :
_bBlackie & Son Ltd
300 _a25p.;
_c14 cm
490 _aTrue Adventure Series
650 _aChildren stories
942 _2ddc
_cBK